000 00852nam a22002777a 4500
001 BR9001467
003 BR-BrBNA
005 20230928093412.0
007 ta
008 230509b bl.||||| |||| 00| 0 por d
040 _aBR-BrBNA
_bpor
_cBiblioteca Nacional de Agricultura
041 _a(Por)
072 _aE14; A50
_b/G514
090 _ E14 BR9001467
110 1 _aEmpresa Brasileira de Pesquisa Agropecuaria, Brasilia, DF (Brasil). Depto. de Difusao de Tecnologia
_93839
245 1 _aPrograma de agricultura alternativa
_bVersao preliminar para discussao
260 3 _aBrasilia, DF (Brasil):
_c1985.
300 _a20 p.
500 _a9 ref.
650 _aPOLITICA AGRICOLA
650 _aAGRICULTURA ORGANICA
650 _aDIFUSAO DE TECNOLOGIA
650 _aPROGRAMA DE PESQUISA
909 _a202309
_bLucia
_c55
_dLucia Elande
942 _cBK
999 _c44783
_d44783